00474nam a2200181Ia 450000500170000000800410001702000220005804000190008004100120009908200130011110000200012424500440014426000380018830000090022665000210023565100260025685000100028220231221094444.0131103s9999 xx 000 0 und d a8175962070cRs 65 aLoreto College aEnglish a428bNAG aNagaraj, Geetha aWrite to Communicate, cGeetha Nagaraj aNew DelhibFoundation Booksc2004 a90p  aEnglish Language aCommunicative English aLCLIB